[Event "XXXVII Olimpiadi femminile"]
[Site "Torino ITA"]
[Date "2006.05.23"]
[Round "3.3"]
[White "Partac, Elena"]
[Black "Zullkafli, Nur Shazwani"]
[Result "1-0"]
[WhiteElo "2095"]
[BlackElo "2108"]
[Annotator "MDA-MAS"]
[PlyCount "66"]
[EventDate "2006.05.21"]

1. e4 e6 2. d4 d5 3. exd5 exd5 4. Bd3 Bd6 5. h3 h6 6. Qf3 c6 7. Ne2 Nf6 8. O-O
O-O 9. c3 Re8 10. Ng3 Be6 11. Bf4 Be7 12. Bc2 Nbd7 13. Nd2 Nf8 14. Rfe1 N8h7
15. Qd3 Nf8 16. Qf3 N8h7 17. Nh5 Nxh5 18. Qxh5 Nf6 19. Qf3 Bd6 20. Be5 Nh7 21.
Qd3 g6 22. Qg3 Bxe5 23. Rxe5 Kg7 24. Rae1 Qd6 25. Nf3 Bd7 26. Nh4 Rxe5 27. dxe5
Qe7 28. e6 Kf8 29. Bxg6 Ng5 30. Bxf7 Qf6 31. Qd6+ Kg7 32. Qxd7 Nxf7 33. exf7
Rf8 1-0

[Event "XXXVII Olimpiadi femminile"]
[Site "Torino ITA"]
[Date "2006.05.23"]
[Round "3.1"]
[White "Maric, Alisa"]
[Black "Mira, Helene"]
[Result "1-0"]
[WhiteElo "2415"]
[BlackElo "2140"]
[Annotator "SCG-AUT"]
[PlyCount "95"]
[EventDate "2006.05.21"]

1. Nf3 Nf6 2. c4 e6 3. d4 b6 4. e3 Bb4+ 5. Bd2 Bxd2+ 6. Nbxd2 Bb7 7. Bd3 d5 8.
cxd5 exd5 9. O-O O-O 10. Qc2 Nbd7 11. b4 c6 12. Rfe1 Qe7 13. Rab1 Qd6 14. Nf1
a5 15. bxa5 Rxa5 16. N1d2 Rfa8 17. Rb2 Ba6 18. Bxa6 R5xa6 19. Nb1 Ne4 20. Nfd2
Nxd2 21. Nxd2 c5 22. Rc1 g6 23. Nb1 cxd4 24. exd4 Qf4 25. Rd1 Nf6 26. Nc3 h5
27. g3 Qf3 28. Rd3 Qf5 29. Re3 Qxc2 30. Rxc2 Rc8 31. Rb2 Rc4 32. Rd3 Kf8 33.
Rb5 Ra3 34. Rb3 Ra6 35. f3 Ke7 36. Kf2 Kd6 37. Ke3 Kc6 38. Rd2 Ne8 39. Kd3 Nd6
40. g4 b5 41. Rdb2 Rb6 42. a4 b4 43. Na2 Nb7 44. Nxb4+ Kd6 45. Nxd5 Rxb3+ 46.
Rxb3 Rxa4 47. Nc3 Na5 48. Rb6+ 1-0

[Event "XXXVII Olimpiadi femminile"]
[Site "Torino ITA"]
[Date "2006.05.23"]
[Round "3.3"]
[White "Benderac, Ana"]
[Black "Horvath, Maria"]
[Result "1-0"]
[WhiteElo "2293"]
[BlackElo "2057"]
[Annotator "SCG-AUT"]
[PlyCount "73"]
[EventDate "2006.05.21"]

1. d4 d5 2. Nf3 c6 3. e3 Nf6 4. Bd3 e6 5. O-O Nbd7 6. Nbd2 Bd6 7. c4 O-O 8. e4
dxe4 9. Nxe4 Nxe4 10. Bxe4 Nf6 11. Bc2 h6 12. Qd3 c5 13. Rd1 Qc7 14. b4 cxd4
15. c5 Bf4 16. Qxd4 Bxc1 17. Raxc1 Bd7 18. Ne5 Rad8 19. Nc4 Bc6 20. Nd6 a6 21.
Rd3 Ne4 22. Re1 Nxd6 23. cxd6 Qd7 24. Rg3 g5 25. Qd3 f5 26. Rxe6 Qg7 27. Bb3
Kh8 28. h4 Be4 29. Qd1 Rf6 30. hxg5 Rxe6 31. Bxe6 Qe5 32. Rh3 Rxd6 33. Rxh6+
Kg7 34. Qh5 Qa1+ 35. Kh2 Qe5+ 36. g3 Rxe6 37. Rh7+ 1-0

[Event "XXXVII Olimpiadi femminile"]
[Site "Torino ITA"]
[Date "2006.05.23"]
[Round "3.1"]
[White "Basem-Hassan, Miriam"]
[Black "Koskoska, Gabriela"]
[Result "1/2-1/2"]
[WhiteElo "2028"]
[BlackElo "2220"]
[Annotator "PUR-MKD"]
[PlyCount "63"]
[EventDate "2006.05.21"]

1. e4 c5 2. Nf3 e6 3. d4 cxd4 4. Nxd4 a6 5. Bd3 Nf6 6. Nc3 Qc7 7. O-O Nc6 8.
Nxc6 dxc6 9. Be3 e5 10. h3 Be6 11. Na4 c5 12. b3 b5 13. Nc3 Rd8 14. Qe1 c4 15.
Be2 Ba3 16. Rd1 O-O 17. Nb1 Be7 18. f3 Rxd1 19. Bxd1 Nh5 20. Nc3 Rc8 21. Nd5
Bxd5 22. exd5 Nf6 23. f4 Nxd5 24. Bf2 Nxf4 25. Bg4 Qc6 26. Bf3 Qf6 27. Qe4 g6
28. Rd1 cxb3 29. cxb3 Rc3 30. Be1 Bc5+ 31. Kf1 Re3 32. Qa8+ 1/2-1/2

[Event "XXXVII Olimpiadi femminile"]
[Site "Torino ITA"]
[Date "2006.05.23"]
[Round "3.1"]
[White "Sanchez Castillo, Sarai"]
[Black "Vovk, Oksana"]
[Result "1-0"]
[WhiteElo "2176"]
[BlackElo "2164"]
[Annotator "VEN-DEN"]
[PlyCount "101"]
[EventDate "2006.05.21"]

1. e4 e6 2. d4 d5 3. Nc3 Nf6 4. Bg5 Be7 5. e5 Nfd7 6. Bxe7 Qxe7 7. Qg4 f5 8.
Qg3 O-O 9. Nge2 a6 10. h4 c5 11. f4 Nc6 12. O-O-O b5 13. dxc5 Qxc5 14. h5 Nb6
15. Qd3 b4 16. Nb1 Bd7 17. Nd2 Rfc8 18. Nb3 Qe7 19. Ned4 Nc4 20. Nf3 a5 21.
Nbd2 Nxd2 22. Rxd2 a4 23. g4 b3 24. a3 bxc2 25. Rxc2 Na7 26. gxf5 Rxc2+ 27.
Kxc2 Qc5+ 28. Kb1 exf5 29. Qd4 Rc8 30. Bd3 Nb5 31. Qxc5 Rxc5 32. Rc1 Rxc1+ 33.
Kxc1 g6 34. h6 Nc7 35. Nd4 Kf7 36. Kd2 Ke7 37. Kc3 Kf7 38. Kb4 Ne6 39. Ne2 Ke7
40. Bc2 d4 41. Kc4 Be8 42. Nxd4 Nxf4 43. Nf3 Nh3 44. Kd4 Ke6 45. Bd3 Bc6 46.
Bc4+ Ke7 47. Nh4 Ng5 48. Ke3 Nf7 49. Bxf7 Kxf7 50. Kf4 Bd5 51. Kg5 1-0

[Event "XXXVII Olimpiadi femminile"]
[Site "Torino ITA"]
[Date "2006.05.23"]
[Round "3.1"]
[White "Martinez Porras, Ingrid Lorena"]
[Black "Ptacnikova, Lenka"]
[Result "1/2-1/2"]
[WhiteElo "1911"]
[BlackElo "2183"]
[Annotator "GUA-ISL"]
[PlyCount "122"]
[EventDate "2006.05.21"]

1. c4 e5 2. g3 Nf6 3. Bg2 d5 4. cxd5 Nxd5 5. Nc3 Nb6 6. Nf3 Nc6 7. d3 Be7 8.
O-O O-O 9. Bd2 Be6 10. Rc1 f6 11. Qc2 Nd4 12. Qb1 Bg4 13. Rfe1 Nxf3+ 14. exf3
Bf5 15. Ne4 Nd5 16. a3 c6 17. b4 Qb6 18. Bf1 Rad8 19. Nc5 a5 20. Qb3 Bxc5 21.
Rxc5 axb4 22. axb4 Kh8 23. Ra1 Ra8 24. Rca5 Rxa5 25. Rxa5 Rd8 26. Qa3 h6 27.
Rc5 Nc7 28. Be3 Nb5 29. Qb2 Nd4 30. Kg2 Qc7 31. Bxd4 Rxd4 32. Rc4 Rd5 33. Qa3
Qd7 34. Rc3 Rd4 35. Be2 Kh7 36. Kg1 Qd6 37. Rb3 Be6 38. Rb2 Bd5 39. Qc3 b5 40.
Rb1 Qd7 41. Qc1 Qf5 42. Qe3 Bc4 43. Rd1 Bb3 44. Rb1 Bc2 45. Rc1 Bxd3 46. Rxc6
Bxe2 47. Qxe2 Rxb4 48. Kg2 Rb1 49. Rb6 b4 50. Qc4 Rd1 51. Rxb4 Rd4 52. Qc3 Rd3
53. Qc6 Rd2 54. Qe4 Kg6 55. Qxf5+ Kxf5 56. Re4 h5 57. Ra4 Rd4 58. Ra7 g6 59.
Ra6 Rd3 60. Ra4 Rd4 61. Ra6 Rc4 1/2-1/2

[Event "XXXVII Olimpiadi femminile"]
[Site "Torino ITA"]
[Date "2006.05.23"]
[Round "3.3"]
[White "Mazariegos Kummenfeld, Silvia Carolina"]
[Black "Gretarsdottir, Lilja"]
[Result "1-0"]
[WhiteElo "2118"]
[BlackElo "2013"]
[Annotator "GUA-ISL"]
[PlyCount "67"]
[EventDate "2006.05.21"]

1. d4 d5 2. e3 c6 3. Bd3 Nf6 4. Nd2 Bg4 5. f3 Bh5 6. Ne2 e6 7. Nf4 Bg6 8. O-O
Bd6 9. Qe2 Qc7 10. g3 Nbd7 11. Nxg6 hxg6 12. f4 c5 13. c3 a6 14. Rf2 b5 15. Rg2
c4 16. Bc2 Rc8 17. e4 dxe4 18. Bxe4 Nxe4 19. Nxe4 O-O 20. Bd2 Nf6 21. Ng5 Rfe8
22. a3 a5 23. Re1 Be7 24. g4 Bd6 25. Qf2 Nd5 26. Qh4 Nxf4 27. Qh7+ Kf8 28. Rf2
Ke7 29. Qxg7 Kd7 30. Ref1 Nd3 31. Rxf7+ Re7 32. Rxe7+ Bxe7 33. Rf7 Qd6 34. Ne4
1-0

[Event "XXXVII Olimpiadi femminile"]
[Site "Torino ITA"]
[Date "2006.05.23"]
[Round "3.1"]
[White "Perez, Eneida"]
[Black "Cast, Abigail"]
[Result "1-0"]
[WhiteElo "2110"]
[BlackElo "2116"]
[Annotator "DOM-WLS"]
[PlyCount "79"]
[EventDate "2006.05.21"]

1. d4 d5 2. e3 Nf6 3. f4 c5 4. c3 Nc6 5. Bd3 e6 6. Nf3 Qc7 7. Ne5 c4 8. Bc2 b5
9. Nd2 Bd6 10. e4 Be7 11. Nxc6 Qxc6 12. e5 Nd7 13. O-O Nb6 14. Nf3 h6 15. Qe1
Bd7 16. Be3 a5 17. Nd2 b4 18. Nf3 Na4 19. Rb1 Rb8 20. Bd2 b3 21. axb3 cxb3 22.
Bd3 Nb6 23. Bc1 a4 24. g4 Qc8 25. Qe2 Nc4 26. Bxc4 Qxc4 27. Qxc4 dxc4 28. Nd2
Bb5 29. Ne4 Bc6 30. Ng3 O-O 31. f5 Bg5 32. Bxg5 hxg5 33. f6 gxf6 34. Rxf6 Kh7
35. Ra1 Ra8 36. Ra3 Ra7 37. Kf2 Rg8 38. Ke3 Rg6 39. Rf2 Rh6 40. Nh5 1-0

[Event "XXXVII Olimpiadi femminile"]
[Site "Torino ITA"]
[Date "2006.05.23"]
[Round "3.2"]
[White "Blackburn, Suzie G."]
[Black "De La Cruz, Mercedes"]
[Result "1/2-1/2"]
[WhiteElo "1779"]
[BlackElo "2101"]
[Annotator "DOM-WLS"]
[PlyCount "87"]
[EventDate "2006.05.21"]

1. d4 Nf6 2. Nf3 g6 3. Bg5 Bg7 4. Nbd2 d6 5. e3 Nbd7 6. Bd3 c5 7. c3 b6 8. O-O
Bb7 9. a4 a6 10. b4 O-O 11. bxc5 bxc5 12. Qe2 h6 13. Bh4 Qc7 14. Nc4 Rfe8 15.
a5 d5 16. Bg3 Qd8 17. Nce5 Nh5 18. Nxd7 Qxd7 19. Be5 Nf6 20. Rfb1 c4 21. Bc2
Bc6 22. Rb6 Bb5 23. Qd1 Ne4 24. Bxg7 Kxg7 25. Bxe4 dxe4 26. Nd2 f5 27. f3 Rab8
28. Rxb8 Rxb8 29. fxe4 fxe4 30. Nxe4 Qe6 31. Qf3 Rf8 32. Nc5 Qd6 33. Qg4 Kh7
34. Rf1 Rxf1+ 35. Kxf1 Qxh2 36. Qe4 Qd6 37. Kg1 Bd7 38. Nxd7 Qxd7 39. Qe5 Kg8
40. e4 Kf7 41. Qf4+ Kg7 42. Qe5+ Kf7 43. Qf4+ Kg7 44. Qe5+ 1/2-1/2

[Event "XXXVII Olimpiadi femminile"]
[Site "Torino ITA"]
[Date "2006.05.24"]
[Round "4.1"]
[White "Kosintseva, Tatiana"]
[Black "Cmilyte, Viktorija"]
[Result "1-0"]
[WhiteElo "2489"]
[BlackElo "2470"]
[Annotator "RUS-LTU"]
[PlyCount "73"]
[EventDate "2006.05.21"]

1. e4 c5 2. Nf3 Nc6 3. Bb5 g6 4. Bxc6 dxc6 5. d3 Bg7 6. h3 Nf6 7. Nc3 Nd7 8.
Be3 e5 9. Qd2 h6 10. O-O Qe7 11. Nh2 Nf8 12. f4 exf4 13. Bxf4 Ne6 14. Bg3 Nd4
15. Rae1 O-O 16. e5 Bf5 17. Ne4 Bxe4 18. Rxe4 Rad8 19. Bh4 g5 20. Ng4 Ne6 21.
Nf6+ Kh8 22. Bg3 Rd4 23. Qe2 Rxe4 24. Qxe4 Bxf6 25. Rxf6 Kg7 26. h4 Qd7 27. Qf5
c4 28. Bf2 cxd3 29. cxd3 Qd5 30. hxg5 hxg5 31. Be3 Qxa2 32. Bxg5 Qb1+ 33. Kf2
Qc2+ 34. Kg3 Nd4 35. Bh6+ Kh8 36. Qh5 Qe2 37. Bg7+ 1-0

[Event "XXXVII Olimpiadi femminile"]
[Site "Torino ITA"]
[Date "2006.05.24"]
[Round "4.2"]
[White "Ciuksyte, Dagne"]
[Black "Kosintseva, Nadezhda"]
[Result "0-1"]
[WhiteElo "2423"]
[BlackElo "2469"]
[Annotator "RUS-LTU"]
[PlyCount "88"]
[EventDate "2006.05.21"]

1. e4 e5 2. Nf3 Nc6 3. Bb5 a6 4. Ba4 Nf6 5. O-O Bc5 6. c3 b5 7. Bc2 d5 8. d4
dxe4 9. dxc5 exf3 10. Qxf3 Bb7 11. Qh3 Qd7 12. Bf5 Qd5 13. Be3 Ne7 14. Bc2 O-O
15. Nd2 Ng6 16. Rfe1 Rfe8 17. b4 Rad8 18. Nb3 Bc8 19. Qg3 Qc4 20. Bg5 Qg4 21.
Bxg6 hxg6 22. Qxg4 Bxg4 23. f3 Bf5 24. Rad1 Rd5 25. Na5 Be6 26. a3 Kf8 27. Kf2
Red8 28. Rxd5 Rxd5 29. c4 Rd3 30. cxb5 axb5 31. Re3 Rd2+ 32. Re2 Rd3 33. Re3
Rxe3 34. Bxe3 Bd5 35. Ke2 Ke7 36. Bc1 Nd7 37. Kd3 f5 38. Bg5+ Nf6 39. Kc3 Ke6
40. Nb3 Nd7 41. Nd2 Nb8 42. Nf1 f4 43. Nd2 Nc6 44. Bd8 Nxd8 0-1

[Event "XXXVII Olimpiadi femminile"]
[Site "Torino ITA"]
[Date "2006.05.24"]
[Round "4.3"]
[White "Kovalevskaya, Ekaterina"]
[Black "Daulyte, Deimante"]
[Result "1-0"]
[WhiteElo "2460"]
[BlackElo "2230"]
[Annotator "RUS-LTU"]
[PlyCount "45"]
[EventDate "2006.05.21"]

1. c4 g6 2. Nc3 Bg7 3. g3 Nf6 4. Bg2 O-O 5. e4 d6 6. Nge2 c5 7. O-O Nc6 8. d3
a6 9. h3 Rb8 10. f4 Bd7 11. Be3 b5 12. Qd2 Qb6 13. Rab1 Qa5 14. b3 b4 15. Nd1
Qc7 16. Nf2 a5 17. Rbd1 a4 18. d4 cxd4 19. Nxd4 Ra8 20. Nb5 Qb8 21. Nd3 Ne8 22.
e5 dxe5 23. Nc5 1-0

[Event "XXXVII Olimpiadi femminile"]
[Site "Torino ITA"]
[Date "2006.05.24"]
[Round "4.1"]
[White "Zhao, Xue"]
[Black "Zhukova, Natalia"]
[Result "1/2-1/2"]
[WhiteElo "2423"]
[BlackElo "2425"]
[Annotator "CHN-UKR"]
[PlyCount "117"]
[EventDate "2006.05.21"]

1. d4 d5 2. c4 e6 3. Nc3 a6 4. cxd5 exd5 5. Nf3 Be7 6. Bf4 Nf6 7. e3 O-O 8. Bd3
Nbd7 9. O-O Re8 10. Rc1 c6 11. Bg3 Nf8 12. Ne5 Bd6 13. f4 Ng6 14. Kh1 Bd7 15.
Qf3 Qc8 16. Na4 Qc7 17. Nc3 Qc8 18. e4 dxe4 19. Nxe4 Nxe4 20. Bxe4 Bf5 21. Bd5
Re7 22. Bb3 Qe8 23. Rfe1 Bxe5 24. dxe5 Rd7 25. Qh5 Ne7 26. e6 fxe6 27. Qxe8+
Rxe8 28. Rxe6 Kf8 29. Re5 Bg6 30. Rce1 Nd5 31. Bf2 Rxe5 32. fxe5 Ne7 33. Be3
Ke8 34. Kg1 Nf5 35. e6 Rd3 36. Bc5 Rd2 37. e7 Nh4 38. Rf1 Rxg2+ 39. Kh1 Re2 40.
Rf8+ Kd7 41. Kg1 Nf5 42. Rg8 Re5 43. Bf2 Rxe7 44. Bc2 Rf7 45. Bb6 Ne7 46. Rd8+
Ke6 47. Bb3+ Nd5 48. a4 Be4 49. Bd4 Bf3 50. a5 Ke7 51. Rb8 Kd6 52. Rd8+ Kc7 53.
Rh8 Be4 54. Rg8 Kd6 55. Rxg7 Rxg7+ 56. Bxg7 Kc5 57. Bxd5 cxd5 58. Kf2 d4 59.
Ke2 1/2-1/2

[Event "XXXVII Olimpiadi femminile"]
[Site "Torino ITA"]
[Date "2006.05.24"]
[Round "4.3"]
[White "Baginskaite, Camilla"]
[Black "Calotescu, Ana-Cristina"]
[Result "1-0"]
[WhiteElo "2299"]
[BlackElo "2325"]
[Annotator "USA-ROU"]
[PlyCount "63"]
[EventDate "2006.05.21"]

1. d4 g6 2. c4 Bg7 3. e4 d6 4. Nc3 Nf6 5. Nf3 O-O 6. Be2 Bg4 7. Be3 Nfd7 8. Ng1
Bxe2 9. Ngxe2 c5 10. O-O Nc6 11. d5 Na5 12. b3 a6 13. Rb1 Rb8 14. a4 Nf6 15. h3
Ne8 16. Qe1 b6 17. f4 e6 18. f5 exf5 19. exf5 Qe7 20. Qd2 Be5 21. Bh6 Ng7 22.
Ne4 f6 23. Nf4 Bxf4 24. Qxf4 g5 25. Qf3 Rb7 26. Nxg5 fxg5 27. f6 Qe5 28. Rbe1
Qd4+ 29. Kh1 Rxf6 30. Qxf6 Qxf6 31. Rxf6 Nxb3 32. Re8+ 1-0

[Event "XXXVII Olimpiadi femminile"]
[Site "Torino ITA"]
[Date "2006.05.24"]
[Round "4.2"]
[White "Borsuk, Angela"]
[Black "Voiska, Margarita"]
[Result "0-1"]
[WhiteElo "2341"]
[BlackElo "2314"]
[Annotator "BUL-ISR"]
[PlyCount "102"]
[EventDate "2006.05.21"]

1. d4 e6 2. c4 Nf6 3. Nc3 Bb4 4. e3 O-O 5. Bd3 d5 6. Nge2 c5 7. O-O cxd4 8.
exd4 dxc4 9. Bxc4 Nbd7 10. a3 Bd6 11. Ng3 Nb6 12. Ba2 Bd7 13. Bg5 Bc6 14. Qd3
Be7 15. Rad1 Nfd5 16. Bc1 Rc8 17. Nge4 Nxc3 18. Nxc3 Nd5 19. f4 g6 20. Ne4 Nf6
21. Nc3 Nd5 22. Ne4 Qb6 23. Qh3 Ba4 24. b3 Bb5 25. Rfe1 f5 26. Nc5 Bxc5 27.
dxc5 Rxc5 28. Be3 Nxe3 29. Qxe3 Rc2 30. Bb1 Qxe3+ 31. Rxe3 Rb2 32. b4 Bc6 33.
Rg3 Kf7 34. h3 Ba4 35. Rc1 Rd8 36. Kh2 Rdd2 37. Bd3 Bc6 38. Bf1 Rf2 39. b5 Bd5
40. a4 Rxf4 41. a5 Rff2 42. a6 bxa6 43. bxa6 f4 44. Rg4 h5 45. Rg5 Kf6 46. h4
Bxg2 47. Bxg2 f3 48. Rc7 Rxg2+ 49. Rxg2 Rxg2+ 50. Kh3 Rg4 51. Rxa7 f2 0-1

[Event "XXXVII Olimpiadi femminile"]
[Site "Torino ITA"]
[Date "2006.05.24"]
[Round "4.3"]
[White "Velcheva, Maria"]
[Black "Igla, Bella"]
[Result "1/2-1/2"]
[WhiteElo "2279"]
[BlackElo "2288"]
[Annotator "BUL-ISR"]
[PlyCount "65"]
[EventDate "2006.05.21"]

1. e4 c5 2. Nf3 e6 3. d4 cxd4 4. Nxd4 a6 5. Nc3 b5 6. Bd3 Qb6 7. Nf3 Nc6 8. O-O
Qb8 9. e5 f5 10. exf6 Nxf6 11. Ne4 Be7 12. Nfg5 Qe5 13. Nxf6+ Qxf6 14. h3 g6
15. c3 Ne5 16. Be4 Rb8 17. f4 Nc4 18. Qe2 O-O 19. b3 Nd6 20. Bb2 Nxe4 21. Nxe4
Qh4 22. c4 Bb7 23. Be5 Rbd8 24. cxb5 axb5 25. Nd6 Bc6 26. Kh2 Bxd6 27. Bxd6 Rf5
28. Rad1 Ra8 29. Rd2 Qf6 30. Be5 Qe7 31. Bd6 Qf6 32. Be5 Qe7 33. Bd6 1/2-1/2

[Event "XXXVII Olimpiadi femminile"]
[Site "Torino ITA"]
[Date "2006.05.24"]
[Round "4.3"]
[White "Javakhishvili, Lela"]
[Black "Gomes, Mary Ann"]
[Result "1-0"]
[WhiteElo "2410"]
[BlackElo "2239"]
[Annotator "GEO-IND"]
[PlyCount "85"]
[EventDate "2006.05.21"]

1. d4 f5 2. Nc3 d5 3. Bf4 Nf6 4. e3 e6 5. Bd3 Be7 6. Nf3 c6 7. O-O O-O 8. Ne2
Ne4 9. h3 Nd7 10. c4 Ndf6 11. Qc2 Kh8 12. Ne5 Qe8 13. f3 Nd6 14. c5 Nf7 15.
Nxf7+ Qxf7 16. b4 Bd7 17. a4 Rg8 18. b5 Rac8 19. Rab1 Bd8 20. Be5 Be8 21. e4
cxb5 22. exf5 b6 23. fxe6 Qe7 24. Nf4 bxc5 25. Bxb5 Bb6 26. Ba6 Rc6 27. a5 cxd4
28. Qf5 Bc7 29. Rb7 Qc5 30. Rxc7 Rxc7 31. Bd3 Rf8 32. g4 Rb7 33. a6 Rb3 34.
Bxf6 Rxd3 35. Nxd3 Qb5 36. Bxg7+ Kxg7 37. Qe5+ Kg8 38. Qxd4 Qc6 39. Nc5 Qd6 40.
f4 Bb5 41. Rf3 Rc8 42. Rc3 Bc4 43. Rxc4 1-0

[Event "XXXVII Olimpiadi femminile"]
[Site "Torino ITA"]
[Date "2006.05.24"]
[Round "4.1"]
[White "Muzychuk, Anna"]
[Black "Paehtz, Elisabeth"]
[Result "1-0"]
[WhiteElo "2418"]
[BlackElo "2438"]
[Annotator "SLO-GER"]
[PlyCount "161"]
[EventDate "2006.05.21"]

1. e4 e6 2. d4 d5 3. Nc3 dxe4 4. Nxe4 Nd7 5. Nf3 Ngf6 6. Bg5 h6 7. Nxf6+ Nxf6
8. Bh4 c5 9. Ne5 Qxd4 10. Bb5+ Ke7 11. Qxd4 cxd4 12. O-O-O g5 13. Bg3 a6 14.
Be2 Bg7 15. Bf3 Nd7 16. Nc4 f5 17. Bd6+ Kf7 18. Bh5+ Kg8 19. Rhe1 a5 20. Bc7
Kh7 21. Bf7 Ra6 22. Bxe6 Nf6 23. Bf7 Rc6 24. Bxa5 Ra6 25. Re7 Ng4 26. f3 Ne3
27. Nxe3 Rxa5 28. Nf1 Bf6 29. Re2 Kg7 30. Bb3 h5 31. a3 h4 32. Nd2 Rc5 33. Nc4
Bd7 34. Nb6 Bc6 35. Be6 h3 36. Nd7 Bxd7 37. Bxd7 Rd8 38. Ba4 d3 39. Red2 Rd4
40. Bb3 dxc2 41. Bxc2 hxg2 42. Rxg2 Rf4 43. Rd3 Kg6 44. Kd1 Rb5 45. b4 Rh4 46.
Rd7 Be5 47. Bd3 Rb6 48. Re2 Rd4 49. Rxd4 Bxd4 50. Re7 Kf6 51. Rh7 Ke5 52. Rf7
Rf6 53. Rxb7 Kf4 54. Rb5 g4 55. fxg4 fxg4 56. Kd2 Be3+ 57. Ke2 Bg1 58. Rh5 Re6+
59. Kd2 Be3+ 60. Kc2 Rc6+ 61. Kb3 Bd4 62. Bc4 Be5 63. a4 Rd6 64. a5 Rd1 65. Be6
Rb1+ 66. Kc4 Bd6 67. b5 Rc1+ 68. Kd3 Rd1+ 69. Kc2 Ra1 70. a6 Be5 71. Rh4 Ke3
72. Rxg4 Bxh2 73. Bc8 Ra5 74. Bd7 Ra2+ 75. Kb3 Ra1 76. Kc4 Kf3 77. Rg8 Bc7 78.
Kd5 Bb6 79. Kc6 Be3 80. Rf8+ Kg3 81. Kb7 1-0

[Event "XXXVII Olimpiadi femminile"]
[Site "Torino ITA"]
[Date "2006.05.24"]
[Round "4.3"]
[White "Krivec, Jana"]
[Black "Juergens, Vera"]
[Result "1/2-1/2"]
[WhiteElo "2323"]
[BlackElo "2330"]
[Annotator "SLO-GER"]
[PlyCount "132"]
[EventDate "2006.05.21"]

1. e4 c5 2. Nf3 Nc6 3. d4 cxd4 4. Nxd4 Qb6 5. Nb3 Nf6 6. Nc3 e6 7. Be3 Qc7 8.
Bd3 a6 9. O-O b5 10. f4 d6 11. Kh1 Bb7 12. Qe2 Be7 13. Rae1 h5 14. Bg1 h4 15.
h3 Nh5 16. Bh2 b4 17. Nd1 a5 18. c3 Bf6 19. e5 dxe5 20. fxe5 Be7 21. Qf3 O-O-O
22. Be4 Ng3+ 23. Bxg3 hxg3 24. Qxf7 Qd7 25. cxb4 Rhf8 26. Qh5 Bxb4 27. Nc3 a4
28. Rxf8 Rxf8 29. Nc1 Qd4 30. N1e2 Qf2 31. Rc1 Kb8 32. Bf3 g6 33. Qg4 Bxc3 34.
Rxc3 Nxe5 35. Qxg3 Qxg3 36. Nxg3 Nxf3 37. gxf3 Bxf3+ 38. Kg1 Bd5 39. a3 Rf4 40.
Ne2 Re4 41. Kf2 Kb7 42. Rg3 Rh4 43. Nc3 Bb3 44. Rxg6 Rxh3 45. Rg4 Rh2+ 46. Ke3
Rxb2 47. Rb4+ Kc6 48. Nxa4 Rb1 49. Nc3 Rb2 50. a4 Kc5 51. Rb8 Kc4 52. Ne4 Ra2
53. Nd2+ Rxd2 54. Kxd2 Bxa4 55. Rd8 Bc6 56. Rc8 Kd5 57. Ke3 Kd6 58. Rh8 Bd5 59.
Rh5 Bc6 60. Kd4 Bf3 61. Ra5 Be2 62. Ra2 Bf1 63. Rb2 e5+ 64. Ke3 Bc4 65. Rd2+
Bd5 66. Rh2 Ke6 1/2-1/2

[Event "XXXVII Olimpiadi femminile"]
[Site "Torino ITA"]
[Date "2006.05.24"]
[Round "4.1"]
[White "Zimina, Olga"]
[Black "Johansson, Viktoria"]
[Result "1-0"]
[WhiteElo "2404"]
[BlackElo "2222"]
[Annotator "ITA1-SWE"]
[PlyCount "123"]
[EventDate "2006.05.21"]

1. e4 c5 2. Nf3 Nc6 3. d4 cxd4 4. Nxd4 e5 5. Nb5 d6 6. N1c3 a6 7. Na3 Be7 8.
Nc4 b5 9. Ne3 Nf6 10. Ned5 Nxd5 11. Nxd5 O-O 12. a4 Rb8 13. axb5 axb5 14. Be3
Bg5 15. Be2 Bxe3 16. Nxe3 Nd4 17. O-O Qh4 18. Bd3 Bb7 19. c3 Ne6 20. Nf5 Qg5
21. h4 Qf6 22. Bc2 Rfd8 23. Qg4 g6 24. h5 Qg5 25. hxg6 hxg6 26. Ne3 Qxg4 27.
Nxg4 Kg7 28. Ra7 Nf4 29. Rd1 Ne6 30. f3 Bc8 31. b4 Rb7 32. Rda1 Rdd7 33. Rxb7
Rxb7 34. Ne3 Nf4 35. Kf2 Rc7 36. Ra3 Be6 37. Ke1 Rc8 38. g3 Nh3 39. Bd3 Ng5 40.
f4 exf4 41. gxf4 Nh3 42. f5 gxf5 43. exf5 Bc4 44. Bxc4 bxc4 45. Ra6 Re8 46. Kd2
d5 47. Rd6 Nf4 48. Nxd5 Nxd5 49. Rxd5 Rh8 50. Ke3 Rh4 51. Rd6 Rh3+ 52. Kd2 Rf3
53. Rd4 Kf6 54. Rxc4 Kxf5 55. b5 Ke5 56. Rd4 Rf2+ 57. Kd3 Rf6 58. Rd8 Rb6 59.
Kc4 f5 60. Re8+ Kd6 61. Rf8 Ke5 62. Kc5 1-0

[Event "XXXVII Olimpiadi femminile"]
[Site "Torino ITA"]
[Date "2006.05.24"]
[Round "4.2"]
[White "Pavlovskaia, Evgenia"]
[Black "Ambrosi, Eleonora"]
[Result "1/2-1/2"]
[WhiteElo "2182"]
[BlackElo "2136"]
[Annotator "ITA1-SWE"]
[PlyCount "83"]
[EventDate "2006.05.21"]

1. e4 c5 2. Nf3 Nc6 3. Bb5 e6 4. O-O Nge7 5. Re1 Nd4 6. Bf1 Nec6 7. Nxd4 cxd4
8. d3 Be7 9. f4 O-O 10. Nd2 f5 11. Nf3 d6 12. Kh1 e5 13. fxe5 dxe5 14. exf5
Rxf5 15. c3 Qd5 16. Qb3 Qxb3 17. axb3 Bd6 18. b4 b5 19. Nd2 Bb7 20. Ne4 Be7 21.
Be2 a5 22. bxa5 Nxa5 23. Bg4 Rff8 24. h3 h6 25. Kg1 Bd5 26. cxd4 exd4 27. Nd2
Bf6 28. Nf3 Nb3 29. Rxa8 Rxa8 30. Bf4 Nc5 31. Bf5 Bf7 32. Be5 Rd8 33. Bxf6 gxf6
34. Rc1 Rd5 35. Nxd4 Nxd3 36. Bxd3 Rxd4 37. Bxb5 Rb4 38. Rc8+ Kg7 39. Bd3 Rxb2
40. Rc7 Kg8 41. Be4 Re2 42. Bf3 1/2-1/2

[Event "XXXVII Olimpiadi femminile"]
[Site "Torino ITA"]
[Date "2006.05.24"]
[Round "4.3"]
[White "Santurbano, Maria Vincenza"]
[Black "Jiretorn, Eva"]
[Result "1/2-1/2"]
[WhiteElo "1965"]
[BlackElo "2117"]
[Annotator "ITA1-SWE"]
[PlyCount "53"]
[EventDate "2006.05.21"]

1. e4 c5 2. Nf3 Nc6 3. d4 cxd4 4. Nxd4 g6 5. c4 d6 6. Be2 Nf6 7. Nc3 Nxd4 8.
Qxd4 Bg7 9. Be3 O-O 10. Qd2 Be6 11. f3 Qa5 12. Nd5 Qxd2+ 13. Bxd2 Nxd5 14. cxd5
Bd7 15. Bc3 Bxc3+ 16. bxc3 Rac8 17. Kd2 Rc5 18. Rhb1 b6 19. a4 f5 20. Bb5 Bxb5
21. axb5 fxe4 22. fxe4 Rf2+ 23. Kd3 Rxg2 24. Rxa7 Rxh2 25. Rxe7 Rh3+ 26. Kd2
Rcxc3 27. Ra1 1/2-1/2

[Event "XXXVII Olimpiadi femminile"]
[Site "Torino ITA"]
[Date "2006.05.24"]
[Round "4.2"]
[White "Leconte, Maria"]
[Black "Madl, Ildiko"]
[Result "1/2-1/2"]
[WhiteElo "2345"]
[BlackElo "2387"]
[Annotator "HUN-FRA"]
[PlyCount "63"]
[EventDate "2006.05.21"]

1. e4 c5 2. Nf3 Nc6 3. d4 cxd4 4. Nxd4 Qb6 5. Nb3 Nf6 6. Nc3 e6 7. Bd3 d6 8.
Be3 Qc7 9. f4 a6 10. Qf3 Be7 11. O-O O-O 12. Rae1 Nd7 13. a3 b5 14. Qh3 Re8 15.
e5 Nf8 16. exd6 Bxd6 17. Ne4 Be7 18. Kh1 b4 19. a4 Na5 20. Nxa5 Qxa5 21. b3 Qc7
22. Qh5 Rd8 23. Bc1 Bb7 24. Bb2 Ng6 25. Ng5 Bxg5 26. Qxg5 Rd5 27. Qg3 Rad8 28.
Re2 Rc5 29. Qf2 Rh5 30. Qg3 Rc5 31. Qf2 Rh5 32. Qg3 1/2-1/2

[Event "XXXVII Olimpiadi femminile"]
[Site "Torino ITA"]
[Date "2006.05.24"]
[Round "4.3"]
[White "Vajda, Szidonia"]
[Black "Lallemand, Roza"]
[Result "1-0"]
[WhiteElo "2403"]
[BlackElo "2243"]
[Annotator "HUN-FRA"]
[PlyCount "127"]
[EventDate "2006.05.21"]

1. e4 c5 2. Nf3 d6 3. d4 cxd4 4. Nxd4 Nf6 5. f3 Nc6 6. c4 e6 7. Nc3 Be7 8. Be3
O-O 9. Be2 a6 10. O-O Qc7 11. Rc1 Ne5 12. b3 b6 13. Qe1 Bb7 14. Qf2 Rac8 15.
Rfd1 Rfe8 16. Na4 Ned7 17. b4 Qb8 18. Nb3 d5 19. exd5 Bxb4 20. Nxb6 Nxb6 21.
Bxb6 Bd6 22. g3 exd5 23. c5 Be5 24. Na5 Re6 25. Bf1 Qa8 26. Bh3 Rce8 27. Bxe6
Rxe6 28. c6 Bxc6 29. Nxc6 Rxc6 30. Rxc6 Qxc6 31. Bd4 Bxd4 32. Qxd4 h6 33. Rd2
Qc1+ 34. Kg2 Qc6 35. Qd3 g6 36. Rc2 Qe6 37. Qc3 Kh7 38. Qc6 Qf5 39. Rf2 a5 40.
Qc7 Qe6 41. Qxa5 h5 42. Qb4 g5 43. Qb1+ Kg7 44. Qc1 Kg6 45. Qc2+ Kg7 46. Re2
Qd6 47. Qf5 g4 48. Qg5+ Kf8 49. fxg4 d4 50. Qh6+ Kg8 51. Qf4 Qc6+ 52. Qf3 Nd5
53. gxh5 f5 54. Kf2 Qc5 55. Qd3 Nc3 56. Rc2 Qe5 57. Kf1 Qd5 58. Kg1 Qe5 59. Rd2
Qe1+ 60. Kg2 Ne4 61. Re2 Qb4 62. Qb3+ Qxb3 63. axb3 d3 64. Rxe4 1-0